01649nam a2200157 a 4500020002700000020003000027082001400057100002000071245003800091250001200129260003200141300001300173520120400186650003101390856007001421 a0415077605 (hardcover) a9780415077606 (hardcover) a551.5 BAR1 aBarry, Roger G.10aAtmosphere, weather and climate / a6th ed. a[S.l.] :bRoutledge,c1993. a560 p. ; a"Atmosphere, Weather and Climate" provides a thorough introduction to weather processes and climatic conditions. Since the last edition, the recognition of the reality and possible effects of human activities on the environment has revolutionized attitudes to the study of atmosphere and of world climate. Beginning with an extended treatment of atmospheric composition and energy, stressing the heat budget of the earth and the causes of the greenhouse effect, the authors turn to manifestations and circulation of atmospheric moisture, including atmospheric stability and precipitation patterns in space and time. A consideration of atmospheric motion on small to large scales and modelling of general circulation leads to a decision of the structure of air masses, frontal cyclones and weather forecasting on different time scales. The treatment of weather and climate in temperate latitudes begins with studies of Europe and America, extending to the conditions of their polar and sub-tropical margins. Tropical weather and climate are also described through an analysis of the climatic mechanisms of monsoon Asia, Africa and Amazonia, together with the tropical margins of Africa and Australia. aatmosphere,weather,climate40uhttp://www.amazon.com/exec/obidos/ASIN/0415077605/chopaconline-20